Ρωμαϊκές Πόλεις - Ξαφνικός Θάνατος - Statistics

General Stats
  • This quiz has been taken 65 times
  • The average score is 10 of 21
Answers on the Grid
Answers color-coded by a green-red scale on the quiz's grid according to % correct below.
Άγκυρα
Αθήνα
Αλεξάνδρεια
Αμμάν
Βελιγράδι
Βερολίνο
Βιέννη
Βουδαπέστη
Δαμασκός
Δελχί
Δουβλίνο
Ζυρίχη
Ιερουσαλήμ
Κολωνία
Κοπεγχάγη
Κωνσταντινούπολη
Λισαβόνα
Λονδίνο
Λυών
Μασσαλία
Μιλάνο
Μογκαντίσου
Μόσχα
Ντουμπάι
Παρίσι
Ριάντ
Σεβίλλη
Σικάγο
Τεχεράνη
Τιμπουκτού
Τύνιδα
Υόρκη
 
Answer Stats
Answer % Correct
Μιλάνο
81%
Αθήνα
78%
Αλεξάνδρεια
74%
Βελιγράδι
67%
Ιερουσαλήμ
63%
Παρίσι
63%
Δαμασκός
59%
Μασσαλία
59%
Κωνσταντινούπολη
56%
Άγκυρα
52%
Βιέννη
52%
Λισαβόνα
48%
Λυών
48%
Βουδαπέστη
44%
Κολωνία
41%
Σεβίλλη
37%
Τύνιδα
37%
Ζυρίχη
33%
Λονδίνο
30%
Αμμάν
19%
Υόρκη
7%
No matching quizzes found
Score Distribution
Percent of People with Each Score
Percentile by Number Answered
Your Score History
You have not taken this quiz